Normal view
MARC view
Entry Uniform Title
001 - CONTROL NUMBER
- control field: 38488
003 - CONTROL NUMBER IDENTIFIER
- control field: ARRUPE
005 - DATE AND TIME OF LATEST TRANSACTION
- control field: 20180116111641.0
008 - FIXED-LENGTH DATA ELEMENTS
- fixed length control field: 180116|| aca||aabn | a|a d
040 ## - CATALOGING SOURCE
- Original cataloging agency: ARRUPE
- Transcribing agency: ARRUPE
130 ## - HEADING--UNIFORM TITLE
- Uniform title: Commandments, Ten.
670 ## - SOURCE DATA FOUND
- Source citation: Work cat.: (ARRUPE)0: Bujo, Benezet 14709, Do we still need the Ten Commandments? :, c1990.